| 000 | 00842nam a2200241 i 4500 | ||
|---|---|---|---|
| 001 | 41177 | ||
| 003 | ES-MaACL | ||
| 005 | 20250822040305.0 | ||
| 007 | t| | ||
| 008 | 030310s1964 sp ||||1| spa d | ||
| 080 | _a159.964.2 | ||
| 100 | 1 |
_aCaruso, Igor A. _935921 |
|
| 245 | 1 | 0 |
_aBios, psique, persona / _cIgor A. Caruso ; en colaboración con Edmund Frühmann... [et al.] ; [versión castellana de Manuel Espadas Burgos]. |
| 260 |
_aMadrid : _bGredos, _c[1964] |
||
| 300 |
_a335 p. ; _c25 cm. |
||
| 490 | 1 |
_aBiblioteca de psicología y psicoterapia ; _v4 |
|
| 650 | 4 |
_aPsicoanálisis. _916530 |
|
| 700 | 1 |
_aEspadas Burgos, Manuel. _947744 |
|
| 830 | 1 | 0 |
_aBiblioteca de psicología y psicoterapia _v4 _9189553 |
| 852 | 4 |
_aES-MaACL _jC-27603 |
|
| 852 | 4 |
_aES-MaACL _jE-13359 _xOlim P-527-Ter |
|
| 999 |
_c41177 _d41177 |
||